The practice of social research
Contents of the book inculdes: An introduction to inquiry, the structuring of inquiry, modes of observation, analysis of data.
保存先:
| 第一著者: | |
|---|---|
| フォーマット: | 図書 |
| 言語: | Undetermined |
| 出版事項: |
Belmont, CA
Wadsworth/Thomson Learning
2004
|
| 主題: | |
| タグ: |
タグ追加
タグなし, このレコードへの初めてのタグを付けませんか!
|
| Thư viện lưu trữ: | Trung tâm Học liệu Trường Đại học Cần Thơ |
|---|
| LEADER | 00746nam a2200229Ia 4500 | ||
|---|---|---|---|
| 001 | CTU_123678 | ||
| 008 | 210402s9999 xx 000 0 und d | ||
| 020 | |c 1674000 | ||
| 082 | |a 300.72 | ||
| 082 | |b B112 | ||
| 100 | |a Babbie, Earl | ||
| 245 | 4 | |a The practice of social research | |
| 245 | 0 | |c Earl Babbie | |
| 260 | |a Belmont, CA | ||
| 260 | |b Wadsworth/Thomson Learning | ||
| 260 | |c 2004 | ||
| 520 | |a Contents of the book inculdes: An introduction to inquiry, the structuring of inquiry, modes of observation, analysis of data. | ||
| 650 | |a Social sciences,Social sciences | ||
| 650 | |x Research.,Methodology | ||
| 904 | |i Minh | ||
| 910 | |a Sách kèm đĩa AV.000799 | ||
| 980 | |a Trung tâm Học liệu Trường Đại học Cần Thơ | ||